Las inversiones en investigación y desarrollo en los estados contables (Registro nro. 9124)

Detalles MARC
000 -LEADER
fixed length control field 00458 a2200145 4500
001 - CONTROL NUMBER
control field ART_7540
005 - DATE AND TIME OF LATEST TRANSACTION
control field 20260410161555.0
008 - FIXED-LENGTH DATA ELEMENTS--GENERAL INFORMATION
fixed length control field 260409a
100 1# - MAIN ENTRY--PERSONAL NAME
Personal name Díaz, Teresa
245 10 - TITLE STATEMENT
Title Las inversiones en investigación y desarrollo en los estados contables
700 1# - ADDED ENTRY--PERSONAL NAME
Personal name Bertolino, Gisela
700 1# - ADDED ENTRY--PERSONAL NAME
Personal name Grisolía, María Laura
700 1# - ADDED ENTRY--PERSONAL NAME
Personal name Suardi, Diana
773 0# - HOST ITEM ENTRY
Title Profesional & Empresaria
Related parts - Año IX, Nº 103 (abr. 2008)
Record control number REV70

No hay ítems disponibles.